Կաւ եւ կեանք կամ Peccatum originale : (Record no. 137863)
[ view plain ]
| 000 -LEADER | |
|---|---|
| fixed length control field | 01064nam a2200253 a 4500 |
| 001 - CONTROL NUMBER | |
| control field | 000360318 |
| 003 - CONTROL NUMBER IDENTIFIER | |
| control field | AM-YeHGA |
| 005 - DATE AND TIME OF LATEST TRANSACTION | |
| control field | 20250618072234.0 |
| 008 - FIXED-LENGTH DATA ELEMENTS--GENERAL INFORMATION | |
| fixed length control field | 040910s2004 ai 000 | arm d |
| 040 ## - CATALOGING SOURCE | |
| Original cataloging agency | AM-YeHGA |
| 041 0# - LANGUAGE CODE | |
| Language code of text/sound track or separate title | arm |
| 090 ## - LOCALLY ASSIGNED LC-TYPE CALL NUMBER (OCLC); LOCAL CALL NUMBER (RLIN) | |
| -- | 139237 |
| 100 1# - MAIN ENTRY--PERSONAL NAME | |
| Personal name | Սիմոնյան, Կարեն Արամի, |
| Dates associated with a name | 1936-2018 |
| 9 (RLIN) | 8967 |
| 245 10 - TITLE STATEMENT | |
| Title | Կաւ եւ կեանք կամ Peccatum originale : |
| Remainder of title | Թատերգութիւն 7 դրուագով / |
| Statement of responsibility, etc. | Կ. Սիմոնյան; Ուղևորը /Հ. Մարգարյան; Խմբ.՝ Ժ. Դանիէլեան, Ա. Եղիայեան. |
| 260 ## - PUBLICATION, DISTRIBUTION, ETC. | |
| Place of publication, distribution, etc. | Պէյրութ : |
| Name of publisher, distributor, etc. | Սիփան, |
| Date of publication, distribution, etc. | 2004. |
| 300 ## - PHYSICAL DESCRIPTION | |
| Extent | 103 էջ ; |
| Dimensions | 24 սմ. |
| 440 #0 - SERIES STATEMENT/ADDED ENTRY--TITLE | |
| Title | Վահրիճ և Վերժին Ճէրէճեան թատերգութ. մրցանք-ի մատենաշար |
| Volume/sequential designation | թիւ 1 |
| 650 14 - SUBJECT ADDED ENTRY--TOPICAL TERM | |
| Topical term or geographic name entry element | Հայ գրականություն |
| General subdivision | Թատերգություն |
| 700 1# - ADDED ENTRY--PERSONAL NAME | |
| Personal name | Մարգարյան, Հ. |
| 700 1# - ADDED ENTRY--PERSONAL NAME | |
| Personal name | Դանիէլեան, Ժ. |
| Relator term | խմբ. |
| Relationship | edt |
| 700 1# - ADDED ENTRY--PERSONAL NAME | |
| Personal name | Եղիայեան, Արմենակ |
| Relator term | խմբ. |
| Relationship | edt |
| 740 02 - ADDED ENTRY--UNCONTROLLED RELATED/ANALYTICAL TITLE | |
| Uncontrolled related/analytical title | Ուղևորը |
| 942 ## - ADDED ENTRY ELEMENTS (KOHA) | |
| Source of classification or shelving scheme | Universal Decimal Classification |
| Koha item type | Գրքեր / Books |
| Withdrawn status | Lost status | Damaged status | Not for loan | Collection | Home library | Current library | Date acquired | Total checkouts | Full call number | Barcode | Date last seen | Price effective from | Koha item type | Public note |
|---|---|---|---|---|---|---|---|---|---|---|---|---|---|---|
| General | Fundamental Scientific Library | Fundamental Scientific Library | 22/12/2016 | AII/89095 | 220089095 | 22/12/2016 | 22/12/2016 | Գրքեր / Books | 30 Days Loan |
ՀՀ Գիտությունների ազգային ակադեմիայի հիմնարար գիտական գրադարան = Fundamental Scientific Library of NAS RA
All site content, except where otherwise noted, is licensed under a